Kulturális értékek, mint turisztikai imázs elemek a Kárpát-medence északkeleti részén

The research actuality is that, the tourist arrivals drop can be registered in Transcarpathia, which leads to long-term economic problems for four years. We tried to search that, which are the images elements of the area could increase the attractiveness of the area. Hypotheses include: significant...

Teljes leírás

Elmentve itt :
Bibliográfiai részletek
Szerzők: Drotár Nikolett
Hanusz Árpád
Testületi szerző: Magyarok a Kárpát-medencében : tudományos nemzetközi konferencia (2.) (2017) (Szeged)
Dokumentumtípus: Könyv része
Megjelent: 2017
Sorozat:Közép-európai Monográfiák 16
Magyarok a Kárpát-medencében 2. 16
Kulcsszavak:Idegenforgalom - Kárpát-medence, Turizmus
Tárgyszavak:
Online Access:http://acta.bibl.u-szeged.hu/69745
LEADER 01983naa a2200277 i 4500
001 acta69745
005 20220106124340.0
008 200803s2017 hu o 0|| hun d
020 |a 978-615-80462-2-0 
022 |a 2062-3712 
040 |a SZTE Egyetemi Kiadványok Repozitórium  |b hun 
041 |a hun 
041 |a eng 
100 1 |a Drotár Nikolett 
245 1 0 |a Kulturális értékek, mint turisztikai imázs elemek a Kárpát-medence északkeleti részén  |h [elektronikus dokumentum] /  |c  Drotár Nikolett 
260 |c 2017 
300 |a 219-232 
490 0 |a Közép-európai Monográfiák  |v 16 
490 0 |a Magyarok a Kárpát-medencében 2.  |v 16 
520 3 |a The research actuality is that, the tourist arrivals drop can be registered in Transcarpathia, which leads to long-term economic problems for four years. We tried to search that, which are the images elements of the area could increase the attractiveness of the area. Hypotheses include: significant difference can be detected between local residents, tourists and professionals within the currently established in respect of image. The region of North-East Hungary had a positive tourist image, but the population has more positive image than the tourist. We wanted to prove that the common cultural values still are positive image elements which the change in external conditions override. The widest possible dissemination of research results could restore the dominance of the former elements of the image of the region and with the restoration of tourism could preserve the quality of the life of the people living in Transcarpathia. 
650 4 |a Társadalomtudományok 
650 4 |a Társadalom- és gazdaságföldrajz 
695 |a Idegenforgalom - Kárpát-medence, Turizmus 
700 0 1 |a Hanusz Árpád  |e aut 
710 |a Magyarok a Kárpát-medencében : tudományos nemzetközi konferencia (2.) (2017) (Szeged) 
856 4 0 |u http://acta.bibl.u-szeged.hu/69745/1/kek_mono_016_219-232.pdf  |z Dokumentum-elérés